|
|
|
|
| LEADER |
00000nam a2200000 4500 |
| 001 |
vtls012245155 |
| 003 |
SK-MaSNL |
| 005 |
20260301214113.0 |
| 008 |
231201s2023 xo oa e nf 000 0 slo |
| 015 |
|
|
|a SNBA2024/01
|
| 020 |
|
|
|a 9788097452919
|q (brožované)
|
| 040 |
|
|
|a SNK
|b slo
|c SNK
|e rda
|
| 041 |
0 |
|
|a slo
|
| 044 |
|
|
|a xo
|c SK
|
| 072 |
|
7 |
|a 634
|x Ovocinárstvo
|2 konspekt
|
| 080 |
|
|
|a 634.1.055
|2 2011
|
| 080 |
|
|
|a 634.1.054
|2 2011
|
| 080 |
|
|
|a 634.1/.8
|2 2011
|
| 080 |
|
|
|a 634.1/.8.01/.04
|2 2011
|
| 080 |
|
|
|a (035)
|2 2011
|
| 100 |
1 |
|
|a Vašš, Ľudovít
|4 aut
|4 pht
|9 395117
|
| 245 |
1 |
0 |
|a Pestujeme životaschopné ovocné stromy a kríky
|c Ľudovít Vašš, Ján Veselý
|
| 264 |
|
1 |
|a [Nemšová]
|b [Ovocná a okrasná škôlka Biele Karpaty]
|c 2023
|
| 300 |
|
|
|a 47 strán
|b farebné fotografie, farebné ilustrácie
|c 21 cm
|
| 336 |
|
|
|a text
|b txt
|2 rdacontent
|
| 336 |
|
|
|a statický obraz
|b sti
|2 rdacontent
|
| 337 |
|
|
|a bez média
|b n
|2 rdamedia
|
| 338 |
|
|
|a zväzok
|b nc
|2 rdacarrier
|
| 500 |
|
|
|a Vydavateľské údaje podľa NA ISBN
|
| 500 |
|
|
|a Názov z obálky
|
| 504 |
|
|
|a Obsahuje bibliografiu na strane [3]
|
| 650 |
0 |
7 |
|a ovocné stromy
|2 SNKPH
|9 70848
|
| 650 |
0 |
7 |
|a ovocné kry
|2 SNKPH
|9 73987
|
| 650 |
0 |
7 |
|a ovocinárstvo
|2 SNKPH
|9 16370
|
| 650 |
0 |
7 |
|a pestovanie ovocných rastlín
|2 SNKPH
|9 58914
|
| 650 |
0 |
7 |
|a Fruit trees
|2 SNKPHeng
|9 349849
|
| 650 |
0 |
7 |
|a Fruit shrubs
|2 SNKPHeng
|9 431292
|
| 650 |
0 |
7 |
|a Fruit growing
|2 SNKPHeng
|9 274546
|
| 650 |
0 |
7 |
|a Fruit-culture
|2 SNKPHeng
|9 268690
|
| 655 |
|
7 |
|a príručky
|2 SNKPH
|9 74364
|
| 655 |
|
7 |
|a Handbooks, manuals, etc.
|2 SNKPHeng
|9 90964
|
| 700 |
1 |
|
|a Veselý, Ján
|4 aut
|4 ill
|9 450902
|
| 700 |
1 |
|
|a Boček, Stanislav
|4 pht
|9 601990
|
| 700 |
1 |
|
|a Cíbik, Jakub,
|d 1993-
|4 pht
|9 203836
|
| 700 |
1 |
|
|a Litvák, Ján
|4 pht
|9 268175
|
| 700 |
1 |
|
|a Barát, Andrej
|4 pht
|9 601991
|
| 700 |
1 |
|
|a Hrušková, Zuzana
|4 pht
|9 296871
|
| 852 |
|
|
|a Slovenská národná knižnica
|
| 919 |
|
|
|a 978-80-974529-1-9
|
| 954 |
|
|
|a odborná, vedecká literatúra pôvodná (slovenská)
|2 lita
|
| 954 |
|
|
|a iná literatúra (príručky, kuchárske knihy, hobby literatúra, sprievodcovia) cudzojazyčná (svetová)
|2 lita
|
| 958 |
|
|
|a NB
|
| 999 |
|
|
|c 923740
|d 925670
|
| 952 |
|
|
|a SNK
|b SNK
|y PREZ
|7 0
|p 17A1540138
|o snkOSC 30164
|i snk2023/17538
|8 0
|0 0
|1 0
|4 0
|d 2023-12-01
|l 0
|r 2026-02-24 08:23:39
|w 2026-02-24
|